zpět

Detail výsledku týmu

Pórajt pub, Plzeň

Datum a čas kvízu

29.5 Celkem bodů Celkový počet nahraných bodů na tomto kvízu bez doplňovacích otázek.
4. Pořadí na kvízu Konečné umístění týmu na tomto kvízu.

Zaznamenané odpovědi

# Otázka Odpověď Body Výsledky
1. Nestává se často, aby naši zem... Spojené arabské emiráty 0
2. Letošní mimořádně teplé a such... dinosauří stopy 1
3. Herečka a bývalá první dáma Da... Divadlo Na Vinohradech 1
4. Na webu Finanční správy ČR lze... erotické pomůcky 0
5. Jak se jmenuje česká tenistka,... Petra Kvitová 1
6. Jak se nazývá vědní obor, kter... B) cetologie 0
7. Na kterého kytovce vyplazuje j... na kosatku 1
8. Většina zemí se členstvím v Me... Norsko, Island, Japonsko 0.5
9. Které z těchto zvířat nepatří... A 1
10. Ve střevech vorvaně se nachází... ambra 0